A keserű italok hazai piacának bemutatása az eltérő fogyasztási alkalmak vizsgálatán keresztül

Bibliográfiai részletek
Szerző: Ákontz Péter
További közreműködők: Kopcsay Dr. László
Dokumentumtípus: Diplomadolgozat
Kulcsszavak:Keserű
Fogyasztási szokások
Campari
Online Access:http://dolgozattar.uni-bge.hu/10075

MARC

LEADER 00000nta a2200000 i 4500
001 dolg10075
005 20221011132852.0
008 170429suuuu hu om 000 hun d
040 |a BGE Dolgozattár Repozitórium  |b hun 
041 |a hu 
100 1 |a Ákontz Péter 
245 1 2 |a A keserű italok hazai piacának bemutatása az eltérő fogyasztási alkalmak vizsgálatán keresztül  |c Ákontz Péter  |h [elektronikus dokumentum] 
695 |a Keserű 
695 |a Fogyasztási szokások 
695 |a Campari 
700 1 |a Kopcsay Dr. László  |e ths 
856 4 0 |u http://dolgozattar.uni-bge.hu/10075/1/SZAKDOLGOZAT%20OJG1AM%20Akontz%20Peter.pdf  |z Dokumentum-elérés